ARRUPE JESUIT UNIVERSITY

CORONAVIRUS -STOP THE SPREAD - CLEAN,DISINFECT,COVER

Hannibal's war / (Record no. 131417)

MARC details
000 -LEADER
fixed length control field 00971cam a22002774a 4500
001 - CONTROL NUMBER
control field 15517524
003 - CONTROL NUMBER IDENTIFIER
control field ARRUPE
005 - DATE AND TIME OF LATEST TRANSACTION
control field 20220513082203.0
008 - FIXED-LENGTH DATA ELEMENTS--GENERAL INFORMATION
fixed length control field 081110s2005 enkabc b 001 0 eng
010 ## - LIBRARY OF CONGRESS CONTROL NUMBER
LC control number 2008279018
020 ## - INTERNATIONAL STANDARD BOOK NUMBER
International Standard Book Number 0750937971 (pbk.)
040 ## - CATALOGING SOURCE
Original cataloging agency DLC
Transcribing agency DLC
043 ## - GEOGRAPHIC AREA CODE
Geographic area code e------
-- ff-----
-- aw-----
050 00 - LIBRARY OF CONGRESS CALL NUMBER
Classification number DG249.3
Item number .P4 2005
300 ## - PHYSICAL DESCRIPTION
Other physical details ill., maps, ports. ;
Dimensions 20 cm.
100 1# - MAIN ENTRY--PERSONAL NAME
Personal name Peddie, John,
Dates associated with a name 1933-
9 (RLIN) 51558
245 10 - TITLE STATEMENT
Title Hannibal's war /
Statement of responsibility, etc John Peddie ; foreword by Richard Holmes.
250 ## - EDITION STATEMENT
Edition statement Pbk. ed.
260 ## - PUBLICATION, DISTRIBUTION, ETC. (IMPRINT)
Place of publication, distribution, etc Stroud, Gloucestershire :
Name of publisher, distributor, etc Sutton Pub.,
Date of publication, distribution, etc 2005.
300 ## - PHYSICAL DESCRIPTION
Extent xiii, 290 p. :
504 ## - BIBLIOGRAPHY, ETC. NOTE
Bibliography, etc Includes bibliographical references (p. 279-280) and index.
600 00 - SUBJECT ADDED ENTRY--PERSONAL NAME
Personal name Hannibal,
Dates associated with a name 247 B.C.-182 B.C.
General subdivision Military leadership.
9 (RLIN) 51559
650 #0 - SUBJECT ADDED ENTRY--TOPICAL TERM
Topical term or geographic name as entry element Punic War, 2nd, 218-201 B.C.
9 (RLIN) 51530
906 ## - LOCAL DATA ELEMENT F, LDF (RLIN)
a 7
b cbc
c origcop
d 2
e ncip
f 20
g y-gencatlg
942 ## - ADDED ENTRY ELEMENTS (KOHA)
Source of classification or shelving scheme Library of Congress Classification
Koha item type Monograph ( Printed materials)
Holdings
Withdrawn status Lost status Source of classification or shelving scheme Damaged status Not for loan Collection code Home library Current library Shelving location Date acquired Total Checkouts Full call number Barcode Date last seen Price effective from Koha item type
    Library of Congress Classification     Main Collection ARRUPE LIBRARY ARRUPE LIBRARY Main Collection 13/05/2022   DG249.3 .P4 2005 46600008485 13/05/2022 13/05/2022 Monograph ( Printed materials)

 

Arrupe Library. PO Box MP320 Mt Pleasant, Harare, Zimbabwe
263 242 745411|librarian@aju.ac.zw